000
00320nam a22001337a 4500
020
_a
9789351115809
082
_a
820.9
100
_a
Balwan , Kaure
245
_a
Realism In English Literature
260
_a
New Delhi :
_b
Random Publications,
_c
2015.
300
_a
290 p. ;
_b
24 cm.
500
_a
Hardcover.
942
_c
BK
999
_c
33630
_d
33630